000 00521nam a2200181Ia 4500
001 24192
005 20260414151027.0
008 260414t2016||||xx |||||||||||||| ||spa||
041 _aESP
082 _a792.025
_bC17
100 _aCalmet, Héctor,
_eAUT
245 0 _aEscenografía II :
_biseño de escenografía e iluminación con tecnología digital. AutoCAD - 3ds Max - Photoshop - WYSIWYG
260 _c2016
300 _a183 páginas :
_c23 cm.
650 _aABD
654 _aCAU
942 _cLIB
_dJUS
_fJUS
_2ddc
_n
999 _c24192
_d24192